| 000 | 00867cam a22001934a 4500 | ||
|---|---|---|---|
| 005 | 20250605164021.0 | ||
| 008 | 250528s ||||||||||||||||||||||||d | ||
| 035 | _a16329 | ||
| 020 | _a891345183 | ||
| 040 |
_aGR-AtMCL _bgre _dGR-AtMCL _eAACR2 |
||
| 245 | 1 | _aQuick Solutions for Great Type Combinations / 100 Swipeable Solutions for Choosing Typefaces that will Look Great Together - and How to Create the Right Look for Your Clients | |
| 260 | _c1993 | ||
| 300 | _a136 | ||
| 520 | _aThis book offers design ideas for a wide variety of printed pieces through 100 swipeable designs that combine any two of sixteen classic typefaces. Introduction, About Type, Newsletters, Ads, Brochures, Letterheads, Special Applications, Using Display Type, Beyond the Rules, Index. | ||
| 700 | 1 |
_aBuchanan Carol _92410 |
|
| 942 | _cBK | ||
| 999 |
_c1841 _d1841 |
||